[Event "4NCL/Div1/GUI1 vs. BAR1"]
[Site "Birmingham ENG"]
[Date "2002.01.20"]
[Round "6.3"]
[White "Kosten, Anthony C"]
[Black "Ferguson, Mark"]
[Result "1/2-1/2"]
[WhiteElo "2533"]
[BlackElo "2376"]
[PlyCount "137"]
[EventDate "2002.01.20"]
[SourceDate "2001.01.01"]

1. Nf3 d5 2. c4 c6 3. g3 Nf6 4. Bg2 Bf5 5. cxd5 cxd5 6. Qb3 Qb6 7. Qxb6 axb6 8.
Nc3 Nc6 9. O-O h6 10. d3 e6 11. Nb5 Kd7 12. Be3 Bc5 13. d4 Bd6 14. Nxd6 Kxd6
15. Ne5 Ke7 16. Nxc6+ bxc6 17. Rfc1 Kd7 18. f3 Ne8 19. Bf2 Nd6 20. a4 Ra7 21.
b3 Rha8 22. Be1 Bg6 23. Ra2 Nf5 24. Bf2 Nd6 25. Bf1 Nb7 26. e3 Na5 27. Rb2 Nb7
28. g4 Nd6 29. Be1 f6 30. h3 Re8 31. Ra2 Rea8 32. Bg3 Nf7 33. Rca1 Nd6 34. Be1
Bh7 35. Kf2 Bg6 36. Bc3 Nb7 37. b4 Nd6 38. a5 Nc4 39. e4 Nd6 40. exd5 cxd5 41.
b5 bxa5 42. Rxa5 Rxa5 43. Rxa5 Rxa5 44. Bxa5 h5 45. Bb4 hxg4 46. fxg4 Bc2 47.
h4 Bd1 48. g5 fxg5 49. hxg5 Bb3 50. Bxd6 Kxd6 51. b6 Bc4 52. b7 Kc7 53. Bh3
Kxb7 54. Bxe6 Kc6 55. Bf5 Kd6 56. Kf3 Bb5 57. Kf4 Be8 58. Bd3 g6 59. Ke3 Kc6
60. Kd2 Kd6 61. Kc3 Kc6 62. Kb4 Kb6 63. Bc2 Bf7 64. Ba4 Be6 65. Be8 Bf5 66. Bf7
Be4 67. Be6 Bf3 68. Bh3 Be4 69. Bg4 1/2-1/2

[Event "4NCL/Div1/GUI1 vs. BAR1"]
[Site "Birmingham ENG"]
[Date "2002.01.20"]
[Round "6.4"]
[White "Kelly, Brian"]
[Black "Gormally, Daniel W"]
[Result "1/2-1/2"]
[WhiteElo "2445"]
[BlackElo "2506"]
[PlyCount "116"]
[EventDate "2002.01.20"]
[SourceDate "2001.01.01"]

1. c4 Nf6 2. Nc3 e5 3. g3 Bb4 4. Nf3 e4 5. Nd4 Nc6 6. Nc2 Bxc3 7. dxc3 d6 8.
Bg2 h6 9. Ne3 O-O 10. O-O Re8 11. Qc2 Ne5 12. Bxe4 Nxc4 13. Bg2 Nxe3 14. Bxe3
Qe7 15. c4 Ne4 16. Qd3 b6 17. b3 Bb7 18. Rfe1 Rad8 19. Rad1 c5 20. Qc2 d5 21.
cxd5 Bxd5 22. Bc1 Bb7 23. f3 Ng5 24. e4 Qf6 25. Qf2 Rxd1 26. Rxd1 Rd8 27. Rxd8+
Qxd8 28. Qe2 Qd4+ 29. Kf1 Ba6 30. Qxa6 Qd1+ 31. Kf2 Qc2+ 32. Kf1 Qxc1+ 33. Kf2
Ne6 34. Qxa7 Qd2+ 35. Kf1 Nd4 36. Qa8+ Kh7 37. e5 Qe2+ 38. Kg1 Qe3+ 39. Kf1
Qxe5 40. Qe4+ Qxe4 41. fxe4 Kg6 42. Kf2 Kf6 43. Ke3 Ke5 44. Kd3 Nb5 45. Bf3 Nd6
46. Bg2 g5 47. Bf3 f6 48. Ke3 b5 49. Kd3 b4 50. Ke3 g4 51. Bg2 Nb5 52. Kd3 Nd6
53. Ke3 h5 54. Kd3 f5 55. exf5 Kxf5 56. Bc6 Kg5 57. Ke3 Kf5 58. Kd3 Kg5 1/2-1/2

[Event "4NCL/Div1/GUI1 vs. BAR1"]
[Site "Birmingham ENG"]
[Date "2002.01.20"]
[Round "6.6"]
[White "Crouch, Colin S"]
[Black "Kinsman, Andrew P.H"]
[Result "0-1"]
[WhiteElo "2360"]
[BlackElo "2401"]
[PlyCount "90"]
[EventDate "2002.01.20"]
[SourceDate "2001.01.01"]

1. d4 e6 2. c4 b6 3. e4 Bb7 4. Bd3 Nc6 5. Nf3 Nb4 6. Nc3 Nxd3+ 7. Qxd3 d6 8.
O-O Ne7 9. Ne1 g6 10. Bg5 Bg7 11. f4 O-O 12. Nc2 Qd7 13. Rad1 f5 14. e5 d5 15.
cxd5 Nxd5 16. Rf2 Rf7 17. Ne3 Bf8 18. Nexd5 Bxd5 19. Rfd2 Rc8 20. Bf6 Qc6 21.
Qg3 Bg7 22. Bxg7 Kxg7 23. h4 h5 24. Kh2 Qa8 25. Qf2 Rd8 26. Rd3 Rdd7 27. Rg3
Qd8 28. Rg5 Kh6 29. Ne2 Bb7 30. Qg3 Rg7 31. Qb3 Rd5 32. Qc4 c5 33. b4 Rgd7 34.
bxc5 bxc5 35. dxc5 Rxd1 36. Qxe6 Rg7 37. Ng3 Kh7 38. Nxf5 Qf8 39. Nxg7 Qxf4+
40. Rg3 Qxh4+ 41. Qh3 Qxh3+ 42. Rxh3 Kxg7 43. Ra3 a6 44. Rb3 Bd5 45. Rb6 Rc1
0-1

[Event "4NCL/Div1/GUI1 vs. BAR1"]
[Site "Birmingham ENG"]
[Date "2002.01.20"]
[Round "6.7"]
[White "Granat, Russell G"]
[Black "Rogers, Jonathan W"]
[Result "0-1"]
[WhiteElo "2243"]
[BlackElo "2346"]
[PlyCount "80"]
[EventDate "2002.01.20"]
[SourceDate "2001.01.01"]

1. e4 d5 2. exd5 Nf6 3. Nc3 Nxd5 4. Bc4 c6 5. d4 Nxc3 6. bxc3 Bf5 7. Rb1 Qc8 8.
Nf3 e6 9. Bd3 Bxd3 10. cxd3 Bd6 11. O-O O-O 12. Ne5 Nd7 13. f4 Rd8 14. Qb3 b6
15. Rb2 Nxe5 16. fxe5 Bf8 17. Rbf2 Rd7 18. Qd1 Qc7 19. Qg4 c5 20. Be3 cxd4 21.
cxd4 Rc8 22. h4 b5 23. h5 Qc3 24. Rc1 Qxc1+ 25. Bxc1 Rxc1+ 26. Kh2 Rcc7 27. Qe4
Rd5 28. Rf4 b4 29. Rg4 a5 30. Qe3 a4 31. Qg3 Kh8 32. Qf2 Kg8 33. Qd2 b3 34.
axb3 axb3 35. Rxg7+ Bxg7 36. h6 Bxh6 37. Qxh6 b2 38. Qg5+ Kf8 39. Qh6+ Ke8 40.
Qg7 b1=Q 0-1

[Event "4NCL/Div1/GUI1 vs. BAR1"]
[Site "Birmingham ENG"]
[Date "2002.01.20"]
[Round "6.8"]
[White "Regan, Natasha"]
[Black "Yurenok, Maria S"]
[Result "1-0"]
[WhiteElo "2185"]
[BlackElo "2098"]
[PlyCount "137"]
[EventDate "2002.01.20"]
[SourceDate "2001.01.01"]

1. f4 d5 2. Nf3 g6 3. g3 Bg7 4. Bg2 Nf6 5. O-O O-O 6. d3 c6 7. Kh1 Bg4 8. h3
Bxf3 9. Bxf3 Nbd7 10. Nc3 d4 11. Ne4 Nd5 12. Rb1 Qc7 13. c3 e5 14. fxe5 Nxe5
15. Bg2 Nd7 16. Qe1 f5 17. Ng5 Rae8 18. cxd4 Bxd4 19. e4 Qb6 20. g4 Ne3 21. Qh4
Nf6 22. Bxe3 Bxe3 23. gxf5 Bxg5 24. Qxg5 Kg7 25. Rf3 Nd7 26. fxg6 hxg6 27. Rg3
c5 28. Bf3 Qf6 29. Qxf6+ Rxf6 30. Bg4 Ne5 31. b4 Nxg4 32. hxg4 Rb6 33. Rc1 cxb4
34. Rc7+ Kf6 35. Rf3+ Kg5 36. Rc5+ Kxg4 37. Kg2 g5 38. Rg3+ Kh5 39. Rcxg5+ Kh6
40. e5 Re7 41. d4 Rd7 42. R5g4 Kh7 43. Rh3+ Rh6 44. e6 Rc7 45. Rxh6+ Kxh6 46.
d5 Rg7 47. d6 Rxg4+ 48. Kf3 Rd4 49. e7 Rxd6 50. e8=Q Rf6+ 51. Kg4 Kg7 52. Kg5
Rf7 53. Qe5+ Kh7 54. Qe4+ Kg7 55. Qd4+ Kh7 56. Qxa7 Kg7 57. Qd4+ Kh7 58. Qxb4
Kg7 59. Qd6 Kg8 60. Qe6 Kg7 61. a3 Rf1 62. Qh6+ Kg8 63. Qb6 Rf7 64. Kg6 Rg7+
65. Kf6 Kh7 66. Qb3 Rg6+ 67. Kf7 Rg7+ 68. Kf8 Rc7 69. Qh3+ 1-0

[Event "4NCL/Div1/BGR2 vs. BRI1"]
[Site "Birmingham ENG"]
[Date "2002.01.20"]
[Round "6.1"]
[White "Chandler, Murray G"]
[Black "Ansell, Simon"]
[Result "1-0"]
[WhiteElo "2543"]
[BlackElo "2396"]
[PlyCount "101"]
[EventDate "2002.01.20"]
[SourceDate "2001.01.01"]

1. e4 c5 2. Nf3 Nc6 3. Bb5 e6 4. O-O Nge7 5. Nc3 Nd4 6. Nxd4 cxd4 7. Ne2 a6 8.
Ba4 b5 9. Bb3 Nc6 10. d3 Be7 11. f4 O-O 12. f5 Na5 13. Nxd4 Qb6 14. Be3 Nxb3
15. axb3 e5 16. f6 Bxf6 17. Nf5 Qe6 18. c4 Bb7 19. Qg4 g6 20. Nh6+ Kg7 21. Qxe6
fxe6 22. Ng4 g5 23. Bc5 Rf7 24. Bd6 Kg6 25. Nxf6 Rxf6 26. Rxf6+ Kxf6 27. Rf1+
Kg7 28. Bxe5+ Kg8 29. Rf3 d5 30. exd5 exd5 31. Rf5 h6 32. Rf6 dxc4 33. bxc4
bxc4 34. dxc4 Rc8 35. Rxh6 Rxc4 36. Bc3 Bc8 37. Rg6+ Kf7 38. Rxg5 Rg4 39. Re5
Be6 40. Kf2 Rc4 41. Ra5 Rf4+ 42. Ke3 Rg4 43. Kf3 Rg6 44. h3 Bc4 45. Rf5+ Ke7
46. g4 Rg8 47. Kg3 Be6 48. Rf4 Rc8 49. Ra4 Bc4 50. h4 Ke6 51. h5 1-0

[Event "4NCL/Div1/BGR2 vs. BRI1"]
[Site "Birmingham ENG"]
[Date "2002.01.20"]
[Round "6.2"]
[White "Buckley, Graeme"]
[Black "Mestel, A. Jonathan"]
[Result "1/2-1/2"]
[WhiteElo "2400"]
[BlackElo "2495"]
[PlyCount "55"]
[EventDate "2002.01.20"]
[SourceDate "2001.01.01"]

1. d4 d6 2. Nf3 Bg4 3. e4 Nf6 4. Nc3 e6 5. h3 Bh5 6. g4 Bg6 7. Qe2 c6 8. h4 h5
9. g5 Nfd7 10. Be3 d5 11. exd5 cxd5 12. Qb5 Qc7 13. Ne5 a6 14. Qa4 b5 15. Bxb5
axb5 16. Qxa8 Bb4 17. O-O Nxe5 18. dxe5 Qxe5 19. Qa7 Bd6 20. f4 Qf5 21. Rf2 O-O
22. Nxb5 Bb4 23. a3 Nc6 24. Qb6 Qh3 25. Rh2 Qg3+ 26. Rg2 Qh3 27. Rh2 Qg3+ 28.
Rg2 1/2-1/2

[Event "4NCL/Div1/BGR2 vs. BRI1"]
[Site "Birmingham ENG"]
[Date "2002.01.20"]
[Round "6.3"]
[White "Norwood, David"]
[Black "Sherwin, James T"]
[Result "1-0"]
[WhiteElo "2507"]
[BlackElo "2339"]
[PlyCount "71"]
[EventDate "2002.01.20"]
[SourceDate "2001.01.01"]

1. g3 d5 2. Bg2 c6 3. Nf3 Nf6 4. O-O Bg4 5. b3 e6 6. Bb2 Bd6 7. d3 O-O 8. Nbd2
Re8 9. h3 Bh5 10. e4 e5 11. Re1 d4 12. c3 dxc3 13. Bxc3 c5 14. Nc4 Nc6 15. Qd2
Bxf3 16. Bxf3 Bc7 17. Rac1 Qd7 18. Bg2 Rad8 19. Rcd1 b5 20. Ne3 Nd4 21. Rc1 Bb6
22. Bxd4 exd4 23. Nf5 g6 24. Qh6 Nh5 25. Bf3 gxf5 26. Qxh5 f6 27. exf5 Qc8 28.
Bd5+ Kh8 29. Be6 Qb7 30. Re4 Rf8 31. Rce1 Ba5 32. R1e2 Bc3 33. Bc4 Rd7 34. Re8
bxc4 35. Rxf8+ Kg7 36. Ree8 1-0

[Event "4NCL/Div1/BGR2 vs. BRI1"]
[Site "Birmingham ENG"]
[Date "2002.01.20"]
[Round "6.4"]
[White "Cobb, Charles"]
[Black "McDonald, Neil R"]
[Result "0-1"]
[WhiteElo "2297"]
[BlackElo "2398"]
[PlyCount "56"]
[EventDate "2002.01.20"]
[SourceDate "2001.01.01"]

1. e4 e6 2. d4 d5 3. Nd2 Nf6 4. e5 Nfd7 5. f4 c5 6. c3 Nc6 7. Ndf3 cxd4 8. cxd4
f5 9. Bd3 Be7 10. Ne2 O-O 11. Rg1 Nb6 12. g4 Bd7 13. a3 Be8 14. Ng5 Bxg5 15.
fxg5 Bg6 16. h4 fxg4 17. Bxg6 hxg6 18. Nf4 Qe8 19. Rxg4 Rc8 20. Qd3 Nxd4 21.
Qxd4 Rc4 22. Qd3 Re4+ 23. Kd1 Nc4 24. Rg2 Nxe5 25. Qb3 Qc6 26. Bd2 Nc4 27. Nd3
Rf1+ 28. Ne1 Rfxe1+ 0-1

[Event "4NCL/Div1/BGR2 vs. BRI1"]
[Site "Birmingham ENG"]
[Date "2002.01.20"]
[Round "6.5"]
[White "Hennigan, Michael T"]
[Black "Burgess, Graham"]
[Result "1/2-1/2"]
[WhiteElo "2451"]
[BlackElo "2298"]
[PlyCount "112"]
[EventDate "2002.01.20"]
[SourceDate "2001.01.01"]

1. e4 Nf6 2. e5 Nd5 3. d4 d6 4. c4 Nb6 5. exd6 exd6 6. Nc3 Be7 7. Bd3 Nc6 8.
Nge2 Bg4 9. Be3 Bf6 10. h3 Bxe2 11. Nxe2 O-O 12. Qd2 d5 13. c5 Nc4 14. Bxc4
dxc4 15. Rc1 b6 16. cxb6 cxb6 17. O-O b5 18. Rfd1 Re8 19. Nf4 Qd6 20. d5 Ne5
21. b3 Rac8 22. Qa5 a6 23. Qb6 Qa3 24. d6 Rc6 25. d7 Rd8 26. Qb7 Rd6 27. Nd5
R8xd7 28. Qc8+ Rd8 29. Nxf6+ gxf6 30. Qxd8+ Rxd8 31. Rxd8+ Kg7 32. Rc2 Qa5 33.
Rc8 Qb4 34. Rd2 Nd3 35. bxc4 bxc4 36. Kh2 Qc3 37. h4 Qe5+ 38. Kg1 Qe4 39. h5 h6
40. Rc7 f5 41. Rd7 Qe6 42. Rd8 f4 43. Bd4+ f6 44. Rd1 Qg4 45. Rb1 Qxh5 46. Rb7+
Kg6 47. Rg8+ Kf5 48. f3 Qh4 49. Re7 c3 50. Rc8 Qg3 51. Rxc3 Ne1 52. Re2 h5 53.
Rf2 h4 54. Rc5+ Kg6 55. Kf1 Nd3 56. Rc8 Nxf2 1/2-1/2

[Event "4NCL/Div1/BGR2 vs. BRI1"]
[Site "Birmingham ENG"]
[Date "2002.01.20"]
[Round "6.6"]
[White "Beaumont, Chris"]
[Black "Richardson, John R"]
[Result "1/2-1/2"]
[WhiteElo "2300"]
[BlackElo "2308"]
[PlyCount "62"]
[EventDate "2002.01.20"]
[SourceDate "2001.01.01"]

1. d4 Nf6 2. Nf3 d5 3. c4 dxc4 4. e3 e6 5. Bxc4 a6 6. O-O c5 7. Qe2 b5 8. Bd3
Bb7 9. a4 b4 10. Nbd2 Nbd7 11. Nc4 Be7 12. e4 cxd4 13. e5 Nd5 14. Bg5 Bxg5 15.
Nd6+ Kf8 16. Nxb7 Qe7 17. Na5 Bh6 18. Nc6 Qc5 19. Ncxd4 Nf4 20. Qe4 Qd5 21.
Qxd5 Nxd5 22. Be4 Nc5 23. Bxd5 exd5 24. a5 Nd3 25. Ra2 Re8 26. Rd1 Nxe5 27.
Nxe5 Rxe5 28. Nc6 Re6 29. Nxb4 d4 30. Kf1 Rd6 31. Ra4 g6 1/2-1/2

[Event "4NCL/Div1/BGR2 vs. BRI1"]
[Site "Birmingham ENG"]
[Date "2002.01.20"]
[Round "6.7"]
[White "Cooper, Lawrence"]
[Black "McFarland, Robert S"]
[Result "1/2-1/2"]
[WhiteElo "2366"]
[BlackElo "2280"]
[PlyCount "30"]
[EventDate "2002.01.20"]
[SourceDate "2001.01.01"]

1. e4 g6 2. d4 Bg7 3. Nf3 d6 4. Nc3 Nf6 5. h3 a6 6. a4 b6 7. Bc4 e6 8. Bg5 h6
9. Bh4 Nc6 10. O-O Bb7 11. Re1 Ne7 12. Qe2 Nd7 13. Rad1 O-O 14. Bg3 Re8 15. Bf4
Qc8 1/2-1/2

[Event "4NCL/Div1/BGR2 vs. BRI1"]
[Site "Birmingham ENG"]
[Date "2002.01.20"]
[Round "6.8"]
[White "Buckley, Melanie"]
[Black "Richards, Heather S"]
[Result "1/2-1/2"]
[WhiteElo "2147"]
[BlackElo "2209"]
[PlyCount "46"]
[EventDate "2002.01.20"]
[SourceDate "2001.01.01"]

1. e4 e6 2. d3 d5 3. Qe2 Nf6 4. Nf3 Nc6 5. c3 a5 6. Qc2 Be7 7. Be2 O-O 8. O-O
e5 9. Nbd2 b6 10. Re1 Ba6 11. Nf1 dxe4 12. dxe4 Bxe2 13. Qxe2 Bc5 14. h3 h6 15.
Nh4 Qd7 16. Qf3 Qe6 17. Nf5 Ne7 18. Nxe7+ Qxe7 19. Ng3 Ne8 20. Be3 Bxe3 21.
Rxe3 Rd8 22. Rd3 Rxd3 23. Qxd3 Nd6 1/2-1/2

[Event "4NCL/Div1/BAR2 vs. WRO1"]
[Site "Birmingham ENG"]
[Date "2002.01.20"]
[Round "6.1"]
[White "Duncan, Christopher R"]
[Black "Arkell, Keith C"]
[Result "0-1"]
[WhiteElo "2336"]
[BlackElo "2463"]
[PlyCount "120"]
[EventDate "2002.01.20"]
[SourceDate "2001.01.01"]

1. c4 c5 2. Nf3 Nc6 3. Nc3 g6 4. e3 Nf6 5. d4 cxd4 6. exd4 d5 7. Qb3 Na5 8. Qd1
Nxc4 9. Bxc4 dxc4 10. Qa4+ Bd7 11. Qxc4 Bg7 12. O-O O-O 13. Bf4 Rc8 14. Qe2 Bc6
15. Be5 Qd7 16. Rfe1 Qg4 17. Rad1 Bxf3 18. Qxf3 Qxf3 19. gxf3 Rfe8 20. d5 Rcd8
21. Re2 Rd7 22. Ne4 Nxe4 23. Rxe4 Bxe5 24. Rxe5 Rc8 25. Re2 Kf8 26. Kg2 Rd6 27.
Rd4 Rc5 28. Red2 Ke8 29. Rb4 Rc7 30. Rh4 h5 31. Rhd4 Kd7 32. Kg3 Rf6 33. Ra4 b6
34. f4 Kd6 35. Kf3 a5 36. Ke4 Rc1 37. Rad4 b5 38. Rd1 Rc5 39. b4 axb4 40. Rxb4
Rc2 41. Rxb5 Rc4+ 42. Ke3 Rfxf4 43. f3 Rh4 44. Rb6+ Ke5 45. d6 exd6 46. Rbxd6
Rc5 47. R1d2 g5 48. R6d4 Rh3 49. Re4+ Kf5 50. Kd4 Ra5 51. Rf2 f6 52. Re3 Rh4+
53. Re4 Rf4 54. Kc4 Rxf3 55. Rxf3+ Kxe4 56. Rf2 f5 57. Kb4 Ra8 58. a4 f4 59. a5
f3 60. Kb5 Ke3 0-1

[Event "4NCL/Div1/BAR2 vs. WRO1"]
[Site "Birmingham ENG"]
[Date "2002.01.20"]
[Round "6.2"]
[White "Kirsanov, Oleg"]
[Black "Berry, Neil"]
[Result "1/2-1/2"]
[WhiteElo "2353"]
[BlackElo "2257"]
[PlyCount "23"]
[EventDate "2002.01.20"]
[SourceDate "2001.01.01"]

1. d4 d5 2. Nf3 Nf6 3. Bg5 Ne4 4. Bf4 c5 5. e3 Qb6 6. Qc1 Nc6 7. c3 Bf5 8. Nbd2
e6 9. Nxe4 Bxe4 10. Be2 Be7 11. O-O O-O 12. Ne5 1/2-1/2

[Event "4NCL/Div1/BAR2 vs. WRO1"]
[Site "Birmingham ENG"]
[Date "2002.01.20"]
[Round "6.3"]
[White "Collins, Sam"]
[Black "Buckley, Simon T"]
[Result "1/2-1/2"]
[WhiteElo "2299"]
[BlackElo "2249"]
[PlyCount "86"]
[EventDate "2002.01.20"]
[SourceDate "2001.01.01"]

1. c4 f5 2. g3 Nf6 3. Bg2 g6 4. Nc3 Bg7 5. d3 d6 6. e4 Nc6 7. Nge2 O-O 8. O-O
e5 9. Bg5 h6 10. Bxf6 Bxf6 11. Nd5 Bg7 12. exf5 Bxf5 13. b4 Qd7 14. b5 Nd8 15.
Nec3 c6 16. Ne3 Bh3 17. Rb1 Bxg2 18. Kxg2 Ne6 19. bxc6 bxc6 20. Qg4 Qf7 21. Qd1
Rab8 22. Rxb8 Rxb8 23. Qf3 Qxf3+ 24. Kxf3 Rb2 25. Kg2 Bf8 26. Rd1 Kf7 27. Kf1
Nd4 28. Rb1 Rd2 29. Rd1 Rb2 30. Rb1 Rxb1+ 31. Nxb1 Ke6 32. Nd2 d5 33. Nb3 Nxb3
{(=)} 34. axb3 Bc5 35. Ke2 Bxe3 36. fxe3 a5 37. Kd2 dxc4 38. dxc4 Kd6 39. Kd3
Kc5 40. Kc3 h5 41. e4 Kb6 42. b4 axb4+ 43. Kxb4 c5+ 1/2-1/2

[Event "4NCL/Div1/BAR2 vs. WRO1"]
[Site "Birmingham ENG"]
[Date "2002.01.20"]
[Round "6.4"]
[White "Gayson, Peter M"]
[Black "Dishman, Stephen"]
[Result "1/2-1/2"]
[WhiteElo "2281"]
[BlackElo "2323"]
[PlyCount "23"]
[EventDate "2002.01.20"]
[SourceDate "2001.01.01"]

1. e4 c5 2. Nf3 Nc6 3. d4 cxd4 4. Nxd4 g6 5. Nc3 Bg7 6. Be3 Nf6 7. Bc4 Qa5 8.
O-O O-O 9. Bb3 d6 10. h3 Bd7 11. f4 Qh5 12. Qxh5 1/2-1/2

[Event "4NCL/Div1/BAR2 vs. WRO1"]
[Site "Birmingham ENG"]
[Date "2002.01.20"]
[Round "6.5"]
[White "Shikerov, Stefan"]
[Black "Barrett, Steve J"]
[Result "1-0"]
[WhiteElo "2298"]
[BlackElo "2199"]
[PlyCount "181"]
[EventDate "2002.01.20"]
[SourceDate "2001.01.01"]

1. d4 Nf6 2. c4 g6 3. Nc3 Bg7 4. e4 d6 5. Nf3 O-O 6. Be2 Bg4 7. Ng1 Bxe2 8.
Ngxe2 c5 9. d5 e6 10. O-O exd5 11. exd5 Nbd7 12. Bg5 Qb6 13. Qc2 Rae8 14. Rae1
h6 15. Bd2 a6 16. b3 Qd8 17. a4 Re7 18. Ng3 Rfe8 19. Rxe7 Rxe7 20. Re1 Rxe1+ {
(=)} 21. Bxe1 Qe7 22. Qe2 Kf8 23. Qxe7+ Kxe7 24. a5 Ne8 25. Kf1 Bd4 26. Nge2
Bg7 27. Nc1 Bd4 28. Ke2 f5 29. f3 h5 30. h4 Ne5 31. Na4 Nf6 32. Bc3 Bxc3 33.
Nxc3 Nfd7 34. Ke3 Kf6 35. N1e2 b6 36. axb6 Nxb6 37. f4 Ng4+ 38. Kd2 Ke7 39. Ng1
Nh6 40. Nf3 Nf7 41. Ng5 Nd8 42. Kc2 Kf6 43. Kb2 Ke7 44. Ka3 a5 45. Na4 Nd7 46.
Kb2 Kf6 47. Kc3 Ke7 48. Kd3 Kf6 49. Nf3 Ke7 50. Nd2 Nb7 51. Nb1 Nf6 52. Nbc3
Kd8 53. Nb5 Ne4 54. Na7 Nf2+ 55. Ke3 Ne4 56. Nc6+ Ke8 57. Nb2 Nc3 58. Kd2 Ne4+
59. Kd3 Nf2+ 60. Ke2 Ne4 61. Nd1 Ng3+ 62. Kd3 Ne4 63. Nc3 Nf6 64. Kc2 Ng4 65.
Kb2 Ne3 66. g3 Kd7 67. Ka3 Nf1 68. Ne2 Nd2 69. Ka4 Ke8 70. Nc1 Ne4 71. Kb5 Nxg3
72. Kb6 Nd8 73. Kc7 Nf7 74. Nxa5 Nf1 75. Nd3 Ne3 76. b4 cxb4 77. Nxb4 Ng2 78.
Nb7 Ke7 79. Nc6+ Kf6 80. Nxd6 Nxd6 81. Kxd6 Nxf4 82. Nd4 Nd3 83. Nf3 Nf2 84. c5
Ne4+ 85. Kc6 Ke7 86. d6+ Kd8 87. Ne5 Nf6 88. Nxg6 Ke8 89. Nf4 Nd7 90. Ne6 Ne5+
91. Kd5 1-0

[Event "4NCL/Div1/BAR2 vs. WRO1"]
[Site "Birmingham ENG"]
[Date "2002.01.20"]
[Round "6.6"]
[White "Jones, Gawain C.B"]
[Black "Twyble, Michael S"]
[Result "1-0"]
[WhiteElo "2208"]
[BlackElo "2220"]
[PlyCount "163"]
[EventDate "2002.01.20"]
[SourceDate "2001.01.01"]

1. e4 e5 2. Bc4 Nf6 3. d3 Nc6 4. Nf3 Bc5 5. c3 a6 6. O-O d6 7. b4 Ba7 8. a4 O-O
9. Bg5 Qe7 10. Nbd2 Nd8 11. Re1 Ne6 12. Bh4 Nf4 13. Nf1 Be6 14. Ne3 Bxe3 15.
fxe3 Ng6 16. Bxf6 Qxf6 17. Ba2 Bxa2 {(=)} 18. Rxa2 Qe6 19. Rf2 f6 20. Nd2 Rad8
21. d4 c6 22. c4 d5 23. exd5 cxd5 24. c5 e4 25. b5 axb5 26. axb5 f5 27. g3 Nh8
28. Ref1 g6 29. Kh1 h5 30. Nb3 Nf7 31. Na5 Rd7 32. Rc2 Ra8 33. c6 bxc6 34. Nxc6
Rb7 35. Rc5 Nd6 36. Qb1 Nc4 37. Re1 h4 38. Kg2 h3+ 39. Kf2 f4 40. exf4 Qg4 41.
Qd1 Ra2+ 42. Kg1 Rg2+ 43. Kh1 Qf3 44. Qxf3 exf3 45. Ne7+ Kf7 46. Nxd5 f2 47.
Ra1 Nd2 48. Ne3 f1=Q+ 49. Rxf1 Nxf1 50. Nxg2 hxg2+ 51. Kxg2 Ne3+ 52. Kf3 Nf5
53. Ke4 Ke7 54. d5 Nd6+ 55. Ke5 Nf7+ 56. Kd4 Nd6 57. Ke5 Nf7+ 58. Kd4 Nd6 59.
b6 Rxb6 60. Rc7+ Kd8 61. Rc6 Rxc6 62. dxc6 Kc7 63. Ke5 Kxc6 64. Kf6 Kd5 65.
Kxg6 Ke6 66. g4 Ke7 67. h4 Kf8 68. Kh7 Ne4 69. g5 Ng3 70. g6 Nh5 71. f5 Nf6+
72. Kh8 Nh5 73. Kh7 Nf6+ 74. Kh6 Kg8 75. h5 Ne4 76. g7 Kf7 77. Kh7 Nf6+ 78. Kh8
Ng8 79. f6 Nh6 80. Kh7 Ng8 81. h6 Nxf6+ 82. Kh8 1-0

[Event "4NCL/Div1/BAR2 vs. WRO1"]
[Site "Birmingham ENG"]
[Date "2002.01.20"]
[Round "6.7"]
[White "Trent, Lawrence"]
[Black "Gourlay, Iain"]
[Result "1/2-1/2"]
[WhiteElo "2208"]
[BlackElo "2183"]
[PlyCount "46"]
[EventDate "2002.01.20"]
[SourceDate "2001.01.01"]

1. e4 c5 2. Nf3 e6 3. b3 d5 4. exd5 exd5 5. Bb2 Nf6 6. Bb5+ Nc6 7. O-O Be7 8.
d4 O-O 9. dxc5 Bxc5 10. a3 Ne4 11. Nc3 Qb6 12. Qe2 Nxc3 13. Bxc3 d4 14. Bb2 Bg4
15. Bc4 Bxf3 16. Qxf3 Ne5 17. Qe2 Rfe8 18. Rad1 Rad8 19. Rfe1 Nxc4 20. Qxc4
Rxe1+ 21. Rxe1 d3 22. Rd1 Bxf2+ 23. Kf1 d2 1/2-1/2

[Event "4NCL/Div1/BAR2 vs. WRO1"]
[Site "Birmingham ENG"]
[Date "2002.01.20"]
[Round "6.8"]
[White "Keeling, Karen"]
[Black "Rutherford, Elaine"]
[Result "0-1"]
[WhiteElo "2048"]
[BlackElo "2043"]
[PlyCount "102"]
[EventDate "2002.01.20"]
[SourceDate "2001.01.01"]

1. c4 e5 2. g3 Nf6 3. Bg2 d5 4. cxd5 Nxd5 5. Nf3 Nc6 6. O-O Nb6 7. d3 Be7 8.
Nbd2 O-O 9. a3 a5 10. b3 Re8 11. Bb2 f6 12. Qc2 Bf8 13. Rfd1 Qe7 14. e3 Bg4 15.
Rac1 Qf7 16. h3 Be6 17. Nc4 Rad8 18. Nfd2 Nd5 19. Ne4 Rd7 20. Kh2 Red8 21. Bf1
Qh5 22. Qe2 Qg6 23. Qe1 Nb6 24. Ncd2 Qf7 25. Nc4 Be7 26. Ned2 Bf5 27. e4 Be6
28. Nf3 Qh5 29. Ng1 Bg4 30. Rd2 Nd4 31. Bxd4 Rxd4 32. Ra1 Nxc4 33. bxc4 Bc5 34.
Rc2 b6 35. Kg2 Bd7 36. Qe2 Qf7 37. Nf3 Rxd3 38. Kh2 Rxa3 39. Rxa3 Bxa3 40. Rd2
Bb4 41. Rd1 Qe7 42. Qa2 Be6 43. Qc2 Rxd1 44. Qxd1 Qd7 45. Qc2 Kf7 46. Ng1 Qd2
47. Qxd2 Bxd2 48. Nf3 Bb4 49. Bd3 Ke7 50. Ng1 Kd6 51. Ne2 Kc5 0-1